Juan de Vingles (Record no. 135033)

MARC details
000 -LEADER
campo de control de longitud fija 01109nam a2200289 i 4500
001 - NÚMERO DE CONTROL
campo de control 135033
003 - IDENTIFICADOR DE NÚMERO DE CONTROL
campo de control ES-MaACL
005 - FECHA Y HORA DE LA ÚLTIMA TRANSACCIÓN
campo de control 20250729030352.0
007 - CAMPO FIJO DE DESCRIPCIÓN FÍSICA--INFORMACIÓN GENERAL
campo de control de longitud fija t|
008 - DATOS DE LONGITUD FIJA--INFORMACIÓN GENERAL
campo de control de longitud fija 070705s1949 sp af |||| |bspa d
080 ## - NÚMERO DE LA CLASIFICACIÓN DECIMAL UNIVERSAL
Número de la Clasificación Decimal Universal 096.1
100 1# - ENTRADA PRINCIPAL--NOMBRE DE PERSONA
Nombre de persona Thomas, Henry.
9 (RLIN) 110018
245 10 - MENCIÓN DEL TÍTULO
Título Juan de Vingles
Resto del título : ilustrador de libros españoles en el siglo XVI /
Mención de responsabilidad, etc. Enrique Thomas.
260 ## - PUBLICACIÓN, DISTRIBUCIÓN, ETC.
Lugar de publicación, distribución, etc. Valencia :
Nombre del editor, distribuidor, etc. Castalia,
Fecha de publicación, distribución, etc. 1949 (
Fabricante Tip. Moderna)
300 ## - DESCRIPCIÓN FÍSICA
Extensión 81 p., [21] p. de lám. ;
Dimensiones 18 cm.
490 1# - MENCIÓN DE SERIE
Mención de serie Ibarra.
-- Colección de opúsculos para bibliófilos ;
Designación de volumen o secuencia 5
594 ## - Nota al título y mención de responsabilidad
Nota al título y mención de responsabilidad "Discurso leído ante la Bibliographical Society, el 15 de marzo de 1937"
595 ## -
-- Ejemplar numerado.
598 ## - NOTA LOCAL
Nota local Dir. literaria: A. Rodríguez-Moñino.
599 ## - NOTA A LAS ILUSTRACIONES
NOTA A LAS ILUSTRACIONES Retr. de: Juan de Icíar.
600 14 - PUNTO DE ACCESO ADICIONAL DE MATERIA--NOMBRE DE PERSONA
Nombre de persona Vingles, Jean de.
9 (RLIN) 142525
650 14 - PUNTO DE ACCESO ADICIONAL DE MATERIA--TÉRMINO DE MATERIA
Término de materia o nombre geográfico como elemento de entrada Ilustración de libros-
Subdivisión geográfica España-
Subdivisión cronológica S.XV-XVI.
9 (RLIN) 13592
650 07 - PUNTO DE ACCESO ADICIONAL DE MATERIA--TÉRMINO DE MATERIA
Término de materia o nombre geográfico como elemento de entrada Bibliofilia
Fuente del encabezamiento o término embne
9 (RLIN) 10514
830 0# - PUNTO DE ACCESO ADICIONAL DE SERIE-TÍTULO UNIFORME
Título uniforme Ibarra.
-- Colección de opúsculos para bibliófilos ;
Designación de volumen o secuencia 5
9 (RLIN) 219890
852 ## - LOCALIZACIÓN
Ubicación ES-MaACL
Número de control de estantería C-29954
Nota libre .- Donat. José Antonio Llardent
Holdings
Estatus retirado Estado de pérdida Estado de daño No para préstamo Biblioteca de origen Biblioteca actual Ubicación en estantería Fecha de adquisición Fuente de adquisición Total de préstamos Signatura topográfica completa Código de barras Visto por última vez Precio de reemplazo Tipo de ítem Koha
        Biblioteca del Ateneo de Madrid Biblioteca del Ateneo de Madrid Depósito 2 17/01/2008     C-29954 1140551 23/02/2023 23/02/2023 Libro impreso